[Event "Oslo Chess Festival 2017"]
[Site "Oslo"]
[Date "2017.10.03"]
[Round "6"]
[White "Pigott, John C"]
[Black "Li, Xueyi"]
[Result "1-0"]
[WhiteElo "2408"]
[BlackElo "2157"]
[Annotator "NA"]
[PlyCount "61"]
[EventDate "2017.??.??"]
[EventType "swiss"]
[EventCountry "NOR"]
[SourceTitle "playchess.com"]
[Source "ChessBase"]
[SourceQuality "1"]
[TimeControl "5400+30"]

1. e4 {[%emt 0:00:07]} c6 {[%emt 0:00:06]} 2. d4 {[%emt 0:00:07]} d5 {[%emt 0:00:07]} 3. e5 {[%emt 0:00:15]} Bf5 {[%emt 0:01:36]} 4. h4 {[%emt 0:02:02]} h5 {[%emt 0:07:03]} 5. Bd3 {[%emt 0:01:18]} Bxd3 {[%emt 0:00:26]} 6. Qxd3 {[%emt 0:00:02]} e6 {[%emt 0:00:39]} 7. Bg5 {[%emt 0:00:20]} Be7 {[%emt 0:00:40]} 8. Nf3 {[%emt 0:00:11]} Nd7 {[%emt 0:01:48]} 9. Nc3 {[%emt 0:19:09]} Qa5 {[%emt 0:09:57]} 10. O-O {[%emt 0:19:05]} O-O-O $16 {[%emt 0:10:45]} 11. a4 {[%emt 0:08:35]} Bxg5 {[%emt 0:06:36]} 12. Nxg5 {[%emt 0:00:25]} Nh6 {[%emt 0:00:07]} 13. Rfb1 {[%emt 0:04:19]} Qb4 {[%emt 0:01:55]} 14. a5 {[%emt 0:07:06]} Qe7 {[%emt 0:00:08]} 15. Re1 {[%emt 0:05:38]} Ng4 {[%emt 0:07:55]} 16. Na4 {[%emt 0:09:22]} Rdf8 {[%emt 0:04:03]} 17. c4 {[%emt 0:05:00]} f6 {[%emt 0:03:07]} 18. exf6 {[%emt 0:02:54]} Qxf6 {[%emt 0:01:50]} 19. Rf1 {[%emt 0:03:11]} Qf4 {[%emt 0:05:55]} 20. g3 {[%emt 0:00:07]} Qd6 {[%emt 0:03:55]} 21. c5 {[%emt 0:02:18]} Qe7 {[%emt 0:00:35]} 22. a6 {[%emt 0:00:08]} e5 {[%emt 0:01:28]} 23. axb7+ {[%emt 0:00:07]} Kxb7 {[%emt 0:00:27]} 24. Nb6 {[%emt 0:02:19]} Nb8 {[%emt 0:09:04]} 25. Qb3 {[%emt 0:00:22]} axb6 {[%emt 0:00:49]} 26. Qxb6+ {[%emt 0:00:02]} Kc8 {[%emt 0:00:10]} 27. Ra7 {[%emt 0:00:09]} Qxa7 {[%emt 0:02:33]} 28. Qxa7 {[%emt 0:00:01]} Rf6 {[%emt 0:00:31]} 29. dxe5 {[%emt 0:01:46]} Nxe5 {[%emt 0:00:16]} 30. Re1 {[%emt 0:00:24]} Ned7 {[%emt 0:00:40]} 31. Ne6 {[%emt 0:01:03]} 1-0

[Event "Oslo Chess Festival 2017"]
[Site "Oslo"]
[Date "2017.10.03"]
[Round "6"]
[White "Vogt, Lothar"]
[Black "Bentsen, Hakon"]
[Result "1/2-1/2"]
[WhiteElo "2401"]
[BlackElo "2071"]
[Annotator "NA"]
[PlyCount "73"]
[EventDate "2017.??.??"]
[EventType "swiss"]
[EventCountry "NOR"]
[SourceTitle "playchess.com"]
[Source "ChessBase"]
[SourceQuality "1"]
[TimeControl "5400+30"]

1. e4 {[%emt 0:00:00]} e5 {[%emt 0:00:09]} 2. Nf3 {[%emt 0:00:02]} Nc6 {[%emt 0:00:12]} 3. Bb5 {[%emt 0:00:02]} a6 {[%emt 0:00:10]} 4. Ba4 {[%emt 0:00:02]} Nf6 {[%emt 0:00:09]} 5. O-O {[%emt 0:00:14]} Be7 {[%emt 0:00:29]} 6. Re1 {[%emt 0:02:42]} b5 {[%emt 0:00:27]} 7. Bb3 {[%emt 0:00:02]} d6 {[%emt 0:00:11]} 8. c3 {[%emt 0:00:02]} O-O {[%emt 0:02:05]} 9. h3 {[%emt 0:00:38]} Na5 {[%emt 0:00:54]} 10. Bc2 {[%emt 0:00:02]} c5 {[%emt 0:00:09]} 11. d4 {[%emt 0:00:28]} Qc7 {[%emt 0:00:07]} 12. Nbd2 {[%emt 0:01:07]} Nc6 {[%emt 0:05:49]} 13. d5 {[%emt 0:01:16]} Nd8 {[%emt 0:00:51]} 14. a4 {[%emt 0:01:36]} Ra7 {[%emt 0:02:54] C98: Closed Ruy Lopez: Chigorin Defence: 11 d4 Qc7 12 Nbd2 Nc6} (14... Rb8 15. b4 Bd7 16. bxc5 Qxc5 17. axb5 axb5 18. Ba3 Qxc3 19. Re3 Qc7 20. Bb4 Be8 21. Rc3 Qd7 22. Nb3 Nb7 23. Bd3 {½-½ (79) Zhigalko,A (2591)-Filippov,A (2582) Baku 2016}) 15. b4 $146 {[%emt 0:01:40]} ({Predecessor:} 15. Nf1 Nd7 16. Be3 Nb6 17. b3 bxa4 18. bxa4 Nc4 19. Bc1 Na5 20. Qe2 Bd7 21. Rb1 f6 22. Ne3 {1-0 (47) Malakhov,I (2442)-Manin,V (2181) St Petersburg 2012}) 15... cxb4 {[%emt 0:04:46]} 16. cxb4 {[%emt 0:00:03]} a5 {[%emt 0:01:16]} 17. axb5 {[%emt 0:03:19]} axb4 {[%emt 0:00:34]} 18. Rxa7 {[%emt 0:01:59]} Qxa7 {[%emt 0:00:05]} 19. Nb3 {[%emt 0:03:57]} Bd7 {[%emt 0:03:56]} 20. Be3 {[%emt 0:01:50]} Qb8 {[%emt 0:01:44]} 21. b6 {[%emt 0:00:41]} Nb7 {[%emt 0:00:49] [#]} 22. Qa1 $18 {[%emt 0:14:31]} Rc8 {[%emt 0:08:37]} 23. Qa7 {[%emt 0:05:22]} Nc5 {[%emt 0:02:49]} 24. Qxb8 {[%emt 0:08:21]} Rxb8 {[%emt 0:00:33]} 25. Nxc5 {[%emt 0:00:51]} dxc5 {[%emt 0:00:09]} 26. Nxe5 {[%emt 0:00:06]} Rxb6 {[%emt 0:00:14]} 27. Nc4 {[%emt 0:02:53]} Ra6 {[%emt 0:02:24]} 28. f3 {[%emt 0:11:44]} Bb5 {[%emt 0:11:13]} 29. Bb3 {[%emt 0:00:24]} Nd7 {[%emt 0:01:55]} 30. e5 {[%emt 0:01:35]} Ba4 {[%emt 0:04:09]} 31. Bxa4 {[%emt 0:05:47]} Rxa4 {[%emt 0:00:07]} 32. Rc1 {[%emt 0:03:31]} b3 {[%emt 0:02:04]} 33. d6 {[%emt 0:01:56]} Bf8 {[%emt 0:02:05]} 34. Nb2 {[%emt 0:05:29]} Ra2 {[%emt 0:02:31]} 35. Rb1 {[%emt 0:01:03]} Nxe5 {[%emt 0:00:58]} 36. Bxc5 {[%emt 0:00:28]} Ra6 {[%emt 0:00:43]} 37. f4 {[%emt 0:04:04]} 1/2-1/2

[Event "Oslo Chess Festival 2017"]
[Site "Oslo"]
[Date "2017.10.03"]
[Round "6"]
[White "Ernst, Thomas"]
[Black "Kyrkjebo, Erlend"]
[Result "1/2-1/2"]
[WhiteElo "2371"]
[BlackElo "2122"]
[Annotator "NA"]
[PlyCount "98"]
[EventDate "2017.??.??"]
[EventType "swiss"]
[EventCountry "NOR"]
[SourceTitle "playchess.com"]
[Source "ChessBase"]
[SourceQuality "1"]
[TimeControl "5400+30"]

1. e4 {[%emt 0:00:04]} c5 {[%emt 0:00:07]} 2. Nf3 {[%emt 0:00:06]} d6 {[%emt 0:00:16]} 3. d4 {[%emt 0:00:08]} cxd4 {[%emt 0:00:05]} 4. Nxd4 {[%emt 0:00:04]} Nf6 {[%emt 0:00:10]} 5. Nc3 {[%emt 0:00:07]} g6 {[%emt 0:00:07]} 6. Be3 {[%emt 0:00:15]} Bg7 {[%emt 0:00:07]} 7. f3 {[%emt 0:00:08]} O-O {[%emt 0:00:07]} 8. Qd2 {[%emt 0:00:07]} Nc6 {[%emt 0:00:07]} 9. g4 {[%emt 0:00:13]} Nxd4 {[%emt 0:00:55]} 10. Bxd4 {[%emt 0:00:11]} Be6 {[%emt 0:01:02]} 11. Nd5 {[%emt 0:00:38]} Bxd5 {[%emt 0:06:21]} 12. exd5 {[%emt 0:00:07]} e5 {[%emt 0:02:36]} 13. dxe6 {[%emt 0:00:49]} fxe6 {[%emt 0:01:04]} 14. O-O-O {[%emt 0:01:37]} Rc8 {[%emt 0:04:51]} 15. Kb1 {[%emt 0:18:12]} Qc7 {[%emt 0:06:32]} 16. g5 {[%emt 0:03:20]} Nd5 {[%emt 0:04:45]} 17. Bh3 $11 {[%emt 0:02:30]} Nf4 {[%emt 0:14:26]} 18. Bxg7 {[%emt 0:00:11]} Qxg7 {[%emt 0:06:20]} 19. Bg4 {[%emt 0:01:10]} d5 {[%emt 0:04:43]} 20. Rhe1 {[%emt 0:05:46]} Rce8 {[%emt 0:13:26]} 21. Qd4 {[%emt 0:06:17]} Qxd4 {[%emt 0:07:50]} 22. Rxd4 {[%emt 0:00:06]} e5 {[%emt 0:01:07]} 23. Ra4 {[%emt 0:01:43]} a6 {[%emt 0:00:20]} 24. Rb4 {[%emt 0:00:09]} Re7 {[%emt 0:06:59]} 25. Kc1 {[%emt 0:00:36]} Ng2 {[%emt 0:01:46]} 26. Re2 {[%emt 0:01:19]} Nh4 {[%emt 0:00:48]} 27. Re3 {[%emt 0:02:51]} Ng2 {[%emt 0:02:51]} 28. Reb3 {[%emt 0:03:35]} e4 {[%emt 0:07:33]} 29. fxe4 {[%emt 0:00:30]} dxe4 {[%emt 0:02:14]} 30. Rxb7 {[%emt 0:00:16]} Rf1+ {[%emt 0:02:41]} 31. Kd2 {[%emt 0:00:18]} e3+ {[%emt 0:01:05]} 32. Kc3 {[%emt 0:01:52]} Re8 {[%emt 0:00:59]} 33. Rb8 {[%emt 0:01:18]} Rff8 {[%emt 0:00:18]} 34. Rxe8 {[%emt 0:00:33]} Rxe8 {[%emt 0:00:03]} 35. Rb6 {[%emt 0:04:14]} e2 {[%emt 0:01:12]} 36. Bxe2 {[%emt 0:00:19]} Rxe2 {[%emt 0:00:06]} 37. Rxa6 {[%emt 0:00:33]} Ne1 {[%emt 0:00:10]} 38. a4 {[%emt 0:04:22]} Rxc2+ {[%emt 0:00:10]} 39. Kb3 {[%emt 0:00:07]} Rxh2 {[%emt 0:00:27]} 40. Rd6 {[%emt 0:01:03]} Rh3+ {[%emt 0:01:07]} 41. Kc4 {[%emt 0:01:03]} Rh4+ {[%emt 0:02:11]} 42. Rd4 {[%emt 0:00:52]} Rh2 {[%emt 0:00:44]} 43. b4 {[%emt 0:00:31]} Nf3 {[%emt 0:00:25]} 44. Rf4 {[%emt 0:02:09]} Nxg5 {[%emt 0:00:45]} 45. a5 {[%emt 0:01:36]} Ra2 {[%emt 0:00:43]} 46. Kb3 {[%emt 0:04:39]} Ra1 {[%emt 0:00:20]} 47. Kb2 {[%emt 0:00:12]} Ra4 {[%emt 0:00:19]} 48. Kb3 {[%emt 0:00:06]} Ra1 {[%emt 0:00:11]} 49. Kb2 {[%emt 0:00:14]} Ra4 {[%emt 0:00:48]} 1/2-1/2

[Event "Oslo Chess Festival 2017"]
[Site "Oslo"]
[Date "2017.10.03"]
[Round "6"]
[White "Risting, Eivind Olav"]
[Black "Chatalbashev, Boris"]
[Result "1/2-1/2"]
[WhiteElo "2335"]
[BlackElo "2537"]
[Annotator "TA"]
[PlyCount "136"]
[EventDate "2017.??.??"]
[EventType "swiss"]
[EventCountry "NOR"]
[SourceTitle "playchess.com"]
[Source "ChessBase"]
[SourceQuality "1"]

{[%evp 13,136,14,19,-7,12,13,18,18,25,25,28,43,36,54,34,-10,-9,-12,52,0,0,0,17,6,14,6,9,0,56,30,87,86,85,85,99,91,85,87,176,141,149,142,142,144,163,132,122,98,174,168,148,152,169,169,165,117,116,50,56,63,171,171,150,63,63,63,102,65,129,63,63,63,63,63,63,63,63,63,63,63,63,63,63,63,63,63,63,63,63,63,63,63,63,63,63,32,63,63,63,8,8,8,8,5,8,8,8,8,8,8,8,8,8,8,8,8,8,0,8,0,8,0,0,0,0]} 1. d4 Nf6 2. c4 g6 3. Nc3 d5 4. Bg5 Ne4 5. Bh4 Nxc3 6. bxc3 dxc4 7. e3 Be6 8. Qb1 {D80: Grünfeld: Unusual White 4th moves and 4 Bg5} b6 9. Nh3 Bh6 10. Bg5 Bg7 (10... Bxg5 11. Nxg5 Qd5 12. Nxe6 Qxe6 13. Qb4 Qd5 14. Qxc4 Qxc4 15. Bxc4 e6 {1-0 (67) Nakamura,H (2785)-Giri,A (2771) Stavanger 2017}) 11. Nf4 Bf5 12. e4 Bd7 $146 ({Predecessor:} 12... h6 13. Bh4 Qd6 14. Bg3 e5 15. exf5 exf4 {1-0 (36) Pashikian,A (2527)-Nechepurenko,R (2479) Yerevan 2006}) 13. Bxc4 Nc6 14. e5 {Qe4 is the strong threat.} Na5 $1 {[%cal Ra5c4]} 15. Bd5 Bf5 ({Black should play} 15... c6 $11 16. Be4 O-O) 16. Qb5+ c6 $1 {[%cal Rc6b5]} 17. Bxc6+ Nxc6 18. Qxc6+ Bd7 19. Qe4 {aiming for Nd5.} O-O 20. e6 $36 {[%mdl 2048] White fights for an advantage.} fxe6 (20... Bb5 $1 $11) 21. O-O $14 ({Avoid the trap} 21. Nxe6 $2 Qc8 $19) 21... Rf5 (21... Qc8 $11) 22. Nxe6 $16 Qc8 23. Nxg7 Rxg5 24. Qxe7 Qd8 25. Rfe1 Bh3 (25... Rd5 $16) 26. Qxd8+ Rxd8 27. Ne6 Bxe6 28. Rxe6 {[%mdl 4096] Endgame KRR-KRR} Rc8 29. Rae1 Ra5 30. R1e2 Rxc3 (30... Ra3 $16 31. g3 Raxc3) 31. Re8+ $18 Kf7 32. R8e7+ Kf6 {With the idea ...Rc1+.} 33. h4 {Strongly threatening g4.} h5 34. R7e6+ Kf7 35. g3 (35. Rd6 $16) 35... Rxa2 $1 $14 36. Re7+ Kf8 (36... Kf6 $14) 37. Re8+ $18 ({Much less strong is} 37. Rxa2 Kxe7 38. Rxa7+ Ke6 $16) 37... Kf7 {[#]} 38. Rxa2 (38. R2e7+ $1 $16 Kf6 39. d5 Ra1+ 40. Kg2) 38... Kxe8 $14 39. Rxa7 $16 {KR-KR} Rc6 40. Kg2 Rd6 {[#]} ({Better is} 40... Rf6 $14) 41. Rg7 (41. Ra4 $1 $16) 41... Kf8 42. Rb7 Rxd4 43. Rxb6 Kf7 44. Kf3 Ra4 45. Ke3 Kg7 46. Rd6 Kf7 47. f3 Rb4 48. Rd4 Rb5 49. Kf4 Ke6 50. Re4+ Kf6 51. Ra4 Rf5+ 52. Ke4 Re5+ 53. Kd4 {Hoping for Ra6+.} Re1 54. Ra6+ Kf5 55. Ra5+ Kf6 56. g4 (56. Ra4 $14) 56... hxg4 $11 {The position is equal.} 57. fxg4 Rh1 58. Ra6+ Kf7 59. Ke5 {Black must now prevent Ra7+.} Rxh4 60. Ra7+ Kg8 $1 61. Kf4 Rh1 62. Kg5 Rg1 63. Ra8+ Kg7 64. Ra6 Kh7 65. Ra7+ Kg8 66. Ra6 Kh7 67. Rxg6 Rxg4+ 68. Kxg4 {White threatens Kg5 and mate.} Kxg6 {Precision: White = 52%, Black = 55%.} 1/2-1/2

[Event "Oslo Chess Festival 2017"]
[Site "Oslo"]
[Date "2017.10.03"]
[Round "6"]
[White "Tryggestad, Andreas Garberg"]
[Black "Cornette, Matthieu"]
[Result "0-1"]
[WhiteElo "2250"]
[BlackElo "2602"]
[Annotator "TA"]
[PlyCount "96"]
[EventDate "2017.??.??"]
[EventType "swiss"]
[EventCountry "NOR"]
[SourceTitle "playchess.com"]
[Source "ChessBase"]
[SourceQuality "1"]

{[%evp 21,96,0,0,0,0,-22,-25,-16,-19,-24,-13,-19,-29,-75,-61,-40,-55,-117,-120,-108,-99,-122,-121,-126,-101,-113,-102,-114,-102,-108,-111,-133,-131,-127,-119,-154,-161,-161,-161,-200,-199,-210,-212,-245,-255,-318,-328,-421,-413,-406,-406,-843,-843,-29979,-29980,-29980,-29981,-29979,-29982,-29982,-29983,-29983,-29984,-29991,-29985,-29984,-29985,-29989,-29982,-29993,-8,-29994,-29995,-29995,-29995,-29995,-29996]} 1. e4 c5 2. c3 d5 3. exd5 Qxd5 4. d4 g6 5. Nf3 Bg7 6. Na3 cxd4 7. Bc4 {B06: Modern Defence} (7. Nb5 Na6 8. Nbxd4 Nf6 9. Bb5+ Bd7 10. Bxd7+ Nxd7 11. O-O O-O 12. Qe2 e5 13. Nb5 e4 14. Ng5 Ndc5 {0-1 (41) Dubov,D (2661)-Svidler,P (2727) Berlin 2015}) 7... Qe4+ 8. Be3 Nh6 {[%cal Bg8h6,Bh6f5,Bf5e3][%mdl 32]} 9. cxd4 O-O 10. O-O Nf5 11. Re1 Nxe3 {LiveBook: 5 Games} 12. Rxe3 Qf4 13. Rxe7 Nc6 14. Re3 Nxd4 15. Nxd4 Bxd4 $146 ({Predecessor:} 15... Qxd4 16. Qxd4 Bxd4 {0-1 (37) Butvilaite,B (1598)-Valantiejus,V (1973) Palanga 2013}) 16. Rf3 $1 {[%cal Rf3f4]} Qe5 {...Bg4 is the strong threat.} 17. Qb3 {[%cal Rc4f7]} Bf5 ({Wrong is} 17... Bxb2 $2 18. Bxf7+ Kh8 19. Nc4 $18) (17... Bg4 $5 {[%cal Rg4f3]} 18. Rxf7 Rxf7 19. Bxf7+ Kg7 $15) 18. Nc2 Bxb2 19. Rf1 {[#]} ({White should play} 19. Rd1 $15) 19... b5 $1 $17 {[%cal Rb5c4][%mdl 512]} 20. Bd5 {[#]} (20. Qxb5 Qxb5) 20... Bxc2 $1 21. Qxc2 Qxd5 22. Qxb2 Rac8 23. h3 Rfe8 24. Rb1 a6 25. Rf6 Re6 26. Rxe6 Qxe6 {[%mdl 4096] Endgame KQR-KQR} ({Don't play} 26... fxe6 27. Re1 $15) 27. Rd1 Qc4 28. Qa3 Qe2 29. Rf1 Rc6 30. Qa5 Kg7 31. Re1 Qb2 32. Rf1 h5 {[%cal Bh7h5,Bh5h4][%mdl 32]} 33. g3 Qd4 34. h4 {[#]} g5 $1 {[%mdl 512]} 35. hxg5 h4 36. Qa3 (36. Qe1 $142 hxg3 37. Qe3 gxf2+ 38. Qxf2 Qg4+ 39. Qg2 Qd4+ 40. Qf2 Qg4+ 41. Kh1 Qh5+ 42. Qh2 Qxh2+ 43. Kxh2) 36... Rc3 $19 37. Qxa6 Rxg3+ $1 38. Kh2 Rxg5 39. Qc6 Qf4+ 40. Kh1 Qg4 {[%cal Rg4h3]} 41. Kh2 b4 42. Qb7 Qf4+ 43. Kh1 Qf5 {[%cal Rf5h3]} 44. Kh2 h3 45. Qxb4 Rg2+ 46. Kh1 {[#]} Qf3 $1 {Black mates.} 47. Qd4+ Kg6 48. Qb6+ Kh7 {Precision: White = 40%, Black = 87%.} 0-1

[Event "Oslo Chess Festival 2017"]
[Site "Oslo"]
[Date "2017.10.03"]
[Round "6"]
[White "Myhrvold, Rune"]
[Black "Haug, Johannes"]
[Result "1/2-1/2"]
[WhiteElo "2243"]
[BlackElo "2379"]
[Annotator "NA"]
[PlyCount "57"]
[EventDate "2017.??.??"]
[EventType "swiss"]
[EventCountry "NOR"]
[SourceTitle "playchess.com"]
[Source "ChessBase"]
[SourceQuality "1"]
[TimeControl "5400+30"]

1. e4 {[%emt 0:00:01]} c6 {[%emt 0:00:05]} 2. d4 {[%emt 0:00:04]} d5 {[%emt 0:00:03]} 3. e5 {[%emt 0:00:16]} c5 {[%emt 0:00:07]} 4. c3 {[%emt 0:00:04]} Nc6 {[%emt 0:00:07]} 5. Be2 {[%emt 0:00:04]} cxd4 {[%emt 0:00:33]} 6. cxd4 {[%emt 0:00:07]} Bf5 {[%emt 0:00:07]} 7. Nf3 {[%emt 0:00:30]} e6 {[%emt 0:00:06]} 8. O-O {[%emt 0:01:21]} Nge7 {[%emt 0:00:16]} 9. a3 {[%emt 0:01:14]} Nc8 {[%emt 0:04:52]} 10. Nc3 {[%emt 0:04:00]} Be7 {[%emt 0:02:41]} 11. Be3 {[%emt 0:00:26]} Nb6 {[%emt 0:03:14]} 12. Nd2 {[%emt 0:04:08]} O-O {[%emt 0:05:31]} 13. Nf3 {[%emt 0:58:53]} Rc8 {[%emt 0:08:35]} 14. Nb1 {[%emt 0:08:28]} a6 {[%emt 0:17:15]} 15. Nbd2 {[%emt 0:00:38]} Na5 {[%emt 0:03:13]} 16. h3 {[%emt 0:05:26]} Nbc4 {[%emt 0:11:46]} 17. Nxc4 {[%emt 0:00:42]} dxc4 {[%emt 0:00:11]} 18. Nd2 {[%emt 0:00:34]} b5 {[%emt 0:00:30]} 19. Rc1 {[%emt 0:00:34]} Qd7 {[%emt 0:00:27]} 20. Bf3 {[%emt 0:03:39]} Bd3 {[%emt 0:04:11]} 21. Be4 {[%emt 0:01:10]} Bxf1 {[%emt 0:01:27]} 22. Kxf1 {[%emt 0:00:23]} g6 {[%emt 0:05:51]} 23. Qg4 {[%emt 0:00:12]} Nb3 {[%emt 0:07:18]} 24. Nxb3 {[%emt 0:00:16]} cxb3 {[%emt 0:00:06]} 25. Rd1 {[%emt 0:00:11]} Rc7 {[%emt 0:09:02]} 26. Rd3 {[%emt 0:00:13]} b4 {[%emt 0:00:55]} 27. axb4 {[%emt 0:01:46]} Rb8 {[%emt 0:04:51]} 28. h4 {[%emt 0:00:17]} h5 {[%emt 0:01:49]} 29. Qf4 {[%emt 0:00:10]} 1/2-1/2

[Event "Oslo Chess Festival 2017"]
[Site "Oslo"]
[Date "2017.10.03"]
[Round "6"]
[White "Nordquelle, Daniel"]
[Black "Devereaux, Maxim L"]
[Result "0-1"]
[WhiteElo "2203"]
[BlackElo "2357"]
[Annotator "NA"]
[PlyCount "58"]
[EventDate "2017.??.??"]
[EventType "swiss"]
[EventCountry "NOR"]
[SourceTitle "playchess.com"]
[Source "ChessBase"]
[SourceQuality "1"]
[TimeControl "5400+30"]

1. e4 {[%emt 0:00:00]} e6 {[%emt 0:00:09]} 2. d4 {[%emt 0:00:26]} d5 {[%emt 0:00:06]} 3. Nc3 {[%emt 0:02:04]} Bb4 {[%emt 0:00:07]} 4. e5 {[%emt 0:00:03]} c5 {[%emt 0:00:20]} 5. Qg4 {[%emt 0:00:06]} Ne7 {[%emt 0:00:17]} 6. dxc5 {[%emt 0:00:05]} Nbc6 {[%emt 0:00:19]} 7. Bd2 {[%emt 0:00:42]} O-O {[%emt 0:00:27]} 8. O-O-O {[%emt 0:00:06]} f5 {[%emt 0:03:47]} 9. exf6 {[%emt 0:02:02]} Rxf6 {[%emt 0:00:09]} 10. Bd3 {[%emt 0:01:06]} Bxc3 {[%emt 0:05:21]} 11. Bxc3 {[%emt 0:02:36]} e5 {[%emt 0:00:08]} 12. Qh5 {[%emt 0:22:40]} Bf5 {[%emt 0:03:08]} 13. Bxf5 {[%emt 0:01:09]} Rxf5 {[%emt 0:00:18]} 14. Qg4 {[%emt 0:02:30]} d4 {[%emt 0:02:39]} 15. Bd2 {[%emt 0:03:19] [#]} Qd5 $17 {[%emt 0:02:15]} ({Resist} 15... Rxf2 16. Nh3 $15) 16. Kb1 {[%emt 0:00:15]} b6 {[%emt 0:18:13]} 17. Nf3 {[%emt 0:10:38]} bxc5 {[%emt 0:11:16]} 18. Rhe1 {[%emt 0:01:48]} Rb8 {[%emt 0:05:06]} 19. Qe4 {[%emt 0:10:41]} c4 {[%emt 0:05:40]} 20. Bc1 {[%emt 0:00:31]} Qa5 {[%emt 0:08:16]} 21. Qe2 {[%emt 0:10:35]} d3 {[%emt 0:06:31]} 22. Qe4 {[%emt 0:04:06]} Rb4 {[%emt 0:12:57]} 23. c3 {[%emt 0:13:18]} Ra4 {[%emt 0:01:33]} 24. a3 {[%emt 0:00:20]} Qb5 {[%emt 0:00:57]} 25. Ka1 {[%emt 0:02:06]} Ra5 {[%emt 0:06:22]} 26. b4 {[%emt 0:02:51]} Rf4 {[%emt 0:01:47]} 27. Bxf4 {[%emt 0:04:03]} Rxa3+ {[%emt 0:00:06]} 28. Kb2 {[%emt 0:00:12]} Rb3+ {[%emt 0:00:05]} 29. Kc1 {[%emt 0:01:15]} Rxc3+ {[%emt 0:00:21]} 0-1

[Event "Oslo Chess Festival 2017"]
[Site "Oslo"]
[Date "2017.10.03"]
[Round "6"]
[White "Nielsen, Andre"]
[Black "Taksrud, Vidar"]
[Result "1-0"]
[WhiteElo "2162"]
[BlackElo "1983"]
[Annotator "NA"]
[PlyCount "81"]
[EventDate "2017.??.??"]
[EventType "swiss"]
[EventCountry "NOR"]
[SourceTitle "playchess.com"]
[Source "ChessBase"]
[SourceQuality "1"]
[TimeControl "5400+30"]

1. e4 {[%emt 0:00:02]} d5 {[%emt 0:00:14]} 2. exd5 {[%emt 0:00:14]} Nf6 {[%emt 0:00:09]} 3. d4 {[%emt 0:00:29]} Nxd5 {[%emt 0:00:11]} 4. Nf3 {[%emt 0:00:37]} e6 {[%emt 0:01:15]} 5. c4 {[%emt 0:01:21]} Bb4+ {[%emt 0:00:11]} 6. Bd2 {[%emt 0:01:06]} Bxd2+ {[%emt 0:00:14]} 7. Qxd2 {[%emt 0:00:50]} Nf6 {[%emt 0:00:54]} 8. Nc3 {[%emt 0:02:30]} O-O {[%emt 0:03:20]} 9. O-O-O {[%emt 0:06:20]} Na6 {[%emt 0:06:36]} 10. Bd3 {[%emt 0:06:38]} Nb4 {[%emt 0:03:55]} 11. Bb1 {[%emt 0:00:44]} c5 {[%emt 0:02:24]} 12. d5 {[%emt 0:08:17]} exd5 {[%emt 0:00:14]} 13. cxd5 {[%emt 0:00:33]} c4 {[%emt 0:09:08]} 14. Ne5 $14 {[%emt 0:05:50]} b5 {[%emt 0:05:52]} 15. Rhe1 {[%emt 0:19:14]} Bd7 {[%emt 0:10:56]} 16. Qd4 {[%emt 0:06:57]} a5 {[%emt 0:06:38]} 17. g4 {[%emt 0:02:20]} a4 {[%emt 0:03:22]} 18. g5 {[%emt 0:05:44]} Nh5 {[%emt 0:03:10]} 19. Qh4 {[%emt 0:02:29]} g6 {[%emt 0:00:18]} 20. Nxd7 {[%emt 0:04:10]} Qxd7 {[%emt 0:00:17]} 21. Ne4 {[%emt 0:01:33]} Nd3+ {[%emt 0:05:43]} 22. Bxd3 {[%emt 0:01:38]} cxd3 {[%emt 0:00:07]} 23. Rxd3 {[%emt 0:00:19]} Rac8+ {[%emt 0:03:04]} 24. Kb1 {[%emt 0:01:17]} Rc4 {[%emt 0:01:36]} 25. Qxh5 {[%emt 0:02:53]} Rxe4 {[%emt 0:00:15]} 26. Qd1 {[%emt 0:00:21]} Rxe1 {[%emt 0:00:40]} 27. Qxe1 {[%emt 0:00:10]} Qf5 {[%emt 0:00:13]} 28. Qd2 {[%emt 0:01:08]} Rd8 {[%emt 0:01:42]} 29. Ka1 {[%emt 0:00:39]} Rd6 {[%emt 0:01:26]} 30. a3 {[%emt 0:01:09]} Qe5 {[%emt 0:04:33]} 31. f4 {[%emt 0:02:00]} Qe4 {[%emt 0:00:59]} 32. Rd4 {[%emt 0:00:38]} Qh1+ {[%emt 0:00:57]} 33. Ka2 {[%emt 0:00:10]} Qf3 {[%emt 0:00:37]} 34. Qc3 {[%emt 0:03:11]} Qf2 {[%emt 0:04:17]} 35. Re4 {[%emt 0:01:26]} Rd8 {[%emt 0:00:45]} 36. d6 {[%emt 0:03:07]} Qb6 {[%emt 0:02:25]} 37. d7 {[%emt 0:01:37]} f5 {[%emt 0:03:37]} 38. Re8+ {[%emt 0:00:37]} Kf7 {[%emt 0:00:31]} 39. Rxd8 Qxd8 40. Qf6+ Qxf6 41. gxf6 1-0

[Event "Oslo Chess Festival 2017"]
[Site "Oslo"]
[Date "2017.10.03"]
[Round "6"]
[White "Zhao, Shengxin"]
[Black "Mikelsen, Mattis"]
[Result "1-0"]
[WhiteElo "2113"]
[BlackElo "1754"]
[Annotator "NA"]
[PlyCount "47"]
[EventDate "2017.??.??"]
[EventType "swiss"]
[EventCountry "NOR"]
[SourceTitle "playchess.com"]
[Source "ChessBase"]
[SourceQuality "1"]
[TimeControl "5400+30"]

1. d4 {[%emt 0:00:02]} Nf6 {[%emt 0:00:04]} 2. c4 {[%emt 0:00:10]} e6 {[%emt 0:00:04]} 3. g3 {[%emt 0:00:16]} d5 {[%emt 0:00:03]} 4. Bg2 {[%emt 0:00:04]} Be7 {[%emt 0:00:05]} 5. Nf3 {[%emt 0:00:05]} O-O {[%emt 0:00:05]} 6. O-O {[%emt 0:01:18]} dxc4 {[%emt 0:00:18]} 7. Qc2 {[%emt 0:00:05]} a6 {[%emt 0:00:04]} 8. a4 {[%emt 0:00:23]} Bd7 {[%emt 0:00:04]} 9. Rd1 {[%emt 0:00:10]} Bc6 {[%emt 0:02:10]} 10. Nc3 {[%emt 0:01:52]} Bxf3 {[%emt 0:00:07]} 11. Bxf3 {[%emt 0:00:06]} Nc6 {[%emt 0:00:04]} 12. Bxc6 {[%emt 0:00:07]} bxc6 {[%emt 0:00:05]} 13. a5 {[%emt 0:00:05]} Rb8 {[%emt 0:02:05]} 14. Qa4 {[%emt 0:00:36]} Rb4 {[%emt 0:15:00]} 15. Qxc6 {[%emt 0:01:47]} Qd6 {[%emt 0:06:07]} 16. Qf3 {[%emt 0:04:26]} Rd8 {[%emt 0:03:08]} 17. Bf4 {[%emt 0:41:56]} Qd7 {[%emt 0:00:32]} 18. Rd2 {[%emt 0:06:43]} Rdb8 {[%emt 0:10:47]} 19. Ra2 {[%emt 0:01:26]} h6 {[%emt 0:07:38]} 20. e4 {[%emt 0:00:59]} Qc6 {[%emt 0:00:07]} 21. d5 {[%emt 0:00:42]} exd5 {[%emt 0:04:29]} 22. e5 {[%emt 0:01:13]} Nd7 {[%emt 0:08:34]} 23. Qxd5 {[%emt 0:02:01]} Qxd5 {[%emt 0:01:21]} 24. Nxd5 {[%emt 0:00:29]} 1-0